Managing Information Technology Projects/ (Record no. 13621)
[ view plain ]
| 000 -LEADER | |
|---|---|
| fixed length control field | 01404nam a22002657a 4500 |
| 008 - FIXED-LENGTH DATA ELEMENTS--GENERAL INFORMATION | |
| fixed length control field | 100310s2010 enk|||||r|||| 001 0 eng d |
| 020 ## - INTERNATIONAL STANDARD BOOK NUMBER | |
| International Standard Book Number | 032478855X |
| 020 ## - INTERNATIONAL STANDARD BOOK NUMBER | |
| International Standard Book Number | 9780324788556 |
| 082 ## - DEWEY DECIMAL CLASSIFICATION NUMBER | |
| Edition number | 22 |
| Classification number | 658.404 |
| Item number | SCH |
| 100 ## - MAIN ENTRY--PERSONAL NAME | |
| 9 (RLIN) | 12425 |
| Personal name | Schwalbe, Kathy |
| 245 ## - TITLE STATEMENT | |
| Title | Managing Information Technology Projects/ |
| Statement of responsibility, etc | Kathy Schwalbe. |
| 250 ## - EDITION STATEMENT | |
| Edition statement | 6th ed. |
| 260 ## - PUBLICATION, DISTRIBUTION, ETC. (IMPRINT) | |
| Place of publication, distribution, etc | London : |
| Name of publisher, distributor, etc | Cengage Learning, 2010. |
| Date of publication, distribution, etc | 2010 |
| 300 ## - PHYSICAL DESCRIPTION | |
| Extent | 490 p. : |
| Other physical details | ill. ; |
| Dimensions | 24 cm. + |
| Accompanying material | 1 CD-ROM (4 3/4 in.) |
| 504 ## - BIBLIOGRAPHY, ETC. NOTE | |
| Bibliography, etc | Includes bibliographical references and index |
| 650 ## - SUBJECT ADDED ENTRY--TOPICAL TERM | |
| 9 (RLIN) | 11664 |
| Topical term or geographic name as entry element | Project management. |
| 650 ## - SUBJECT ADDED ENTRY--TOPICAL TERM | |
| 9 (RLIN) | 12426 |
| Topical term or geographic name as entry element | Information technology |
| General subdivision | Management. |
| 653 ## - INDEX TERM--UNCONTROLLED | |
| Resource For college | |
| 942 ## - ADDED ENTRY ELEMENTS (KOHA) | |
| Source of classification or shelving scheme | Dewey Decimal Classification |
| Item type | NB - Book (Non borrowing) |
| Withdrawn status | Item status | Source of classification or shelving scheme | Damaged status | Not for loan | Vendor | Home library | Current library | Shelving location | Date acquired | Source of acquisition | Total Checkouts | Full call number | Barcode | Date last seen | Koha item type | Total Renewals | Date last borrowed |
|---|---|---|---|---|---|---|---|---|---|---|---|---|---|---|---|---|---|
| Dewey Decimal Classification | Baccah | Central Library | Central Library | First floor | 10/03/2010 | 658.404 SCH | 000020104 | 15/07/2025 | NB - Book (Non borrowing) | ||||||||
| Dewey Decimal Classification | Baccah | Central Library | Central Library | First floor | 10/03/2010 | 3 | 658.404 SCH | 000020105 | 15/07/2025 | Book - Borrowing | 7 | 17/04/2014 | |||||
| Dewey Decimal Classification | Baccah | Central Library | Central Library | First floor | 10/03/2010 | 658.404 SCH | 000020106 | 24/08/2022 | CD | DVD - With book | ||||||||
| Dewey Decimal Classification | Baccah | Central Library | Central Library | First floor | 10/03/2010 | 658.404 SCH | 000019840 | 24/08/2022 | CD | DVD - With book | ||||||||
| Dewey Decimal Classification | Baccah | Central Library | Central Library | First floor | 10/03/2010 | 658.404 SCH | 000019839 | 24/08/2022 | CD | DVD - With book (NB) |